UBT Library

KINGREAR FOLGER SHKESPEARE LIBRARY (Record no. 19684)

000 -LEADER
fixed length control field 00275nam a22001217a 4500
008 - FIXED-LENGTH DATA ELEMENTS--GENERAL INFORMATION
fixed length control field 170630b xxu||||| |||| 00| 0 eng
041 ## - LANGUAGE CODE
Language code of text/sound track or separate title eng
080 ## - UNIVERSAL DECIMAL CLASSIFICATION NUMBER
Universal Decimal Classification number 82
100 ## - Rafti
Rafti 82
101 ## - Shkurtesa
Shkurtesa 22
245 ## - TITLE STATEMENT
Title KINGREAR FOLGER SHKESPEARE LIBRARY
Statement of responsibility, etc SCHUSTER.S
942 ## - ADDED ENTRY ELEMENTS (KOHA)
Source of classification or shelving scheme
Item type Books
Holdings
Withdrawn status Lost status Source of classification or shelving scheme Damaged status Not for loan Collection code Permanent location Current location Shelving location Date acquired Total Checkouts Full call number Barcode Date last seen Price effective from Koha item type
          Koleksioni i përgjithshem UBT - Lipjan UBT - Lipjan Koleksioni i përgjithshem 06/30/2017   82 SCH 002-2908825 06/30/2017 06/30/2017 Books
UBT Library © 2015-2024. All rights reserved University Education for Business and Technology